| 000 | nam a22 a 4500 | ||
|---|---|---|---|
| 999 |
_c123406 _d123406 |
||
| 003 | BLK | ||
| 005 | 20221202140618.0 | ||
| 008 | 180409b bul|||||r ||||||| ||bul|| | ||
| 040 | _aBLK | ||
| 041 |
_aBUL _cBUL |
||
| 080 |
_aСпорт. Физическа култура _b796/799 _x(035) _z796/799(035) |
||
| 100 | 1 |
_aАулик, Ивар Василиевич _eпърви автор _934802 |
|
| 139 | _aАулик, Ивар Василиевич | ||
| 245 | 1 | 0 |
_aКак да определим тренираността на спортиста _bРъководство _cИ. В. Аулик; прев. от рус. Димитър Гюрков. |
| 257 | _aSUN | ||
| 260 |
_aСофия _bМедицина и физкултура _c1980 |
||
| 300 |
_a88 с. _bс ил., табл., диагр. _c20 см |
||
| 380 | _a79 | ||
| 490 | 1 | _aЗа високо спортно майсторство | |
| 500 | _aОриг. загл. Как определить тренированность спортсмена. | ||
| 650 | 4 |
_aСпортисти - физически качества и подготовка _9272295 |
|
| 653 | _aспортисти | ||
| 653 | _aтренировки | ||
| 653 | _aръководства | ||
| 700 | 1 |
_aГюрков, Димитър _eпрев. от рус. _9318174 |
|
| 852 |
_aЦб 102859 _bЦб |
||
| 942 |
_cKNG _n0 _01 _s1 |
||
| 944 |
_aCR _c20.03.2012 _l20.03.2012 - от С1,Р / 20.03.2012 _kГрета_Цуфелде |
||
| 944 |
_aED _c2022-12-02 |
||